000 00517nam a2200205Ia 4500
005 20250923150323.0
008 008 250917s9999 xx 000 0 eng d
037 _aTextual
040 _aDSWL
_beng
_cDSWL
041 _aeng
_2eng
084 _qDSWL
100 _aMarvastica,Ab
_9844660
245 0 _aQualitative research in sociology
_cby Ab Marvastica
260 _aLondon
_bSage
_c2004
300 _a160p.
365 _aINR
_b2336.01
925 _g2336.01
942 _cTEXL
999 _c1462138
_d1462138